उपरा. (Record no. 785849)

MARC details
000 -LEADER
fixed length control field 00620nam a2200181Ia 4500
008 - FIXED-LENGTH DATA ELEMENTS--GENERAL INFORMATION
fixed length control field 100921s9999 xx 000 0 und d
082 ## - DEWEY DECIMAL CLASSIFICATION NUMBER
Item number 36736
Classification number 928 न 00
100 ## - MAIN ENTRY--PERSONAL NAME
Personal name माने लक्ष्मण.
245 ## - TITLE STATEMENT
Title उपरा.
260 ## - PUBLICATION, DISTRIBUTION, ETC. (IMPRINT)
Name of publisher, distributor, etc ग्रंथाली प्रकाशन, मुंबई.
Date of publication, distribution, etc 2000
300 ## - PHYSICAL DESCRIPTION
Extent 154
Other physical details सुयश ट्रेडर्स,पुणे
365 ## - TRADE PRICE
Price amount 100
520 ## - SUMMARY, ETC.
Summary, etc चरित्रे-साहित्यिक.
630 ## - SUBJECT ADDED ENTRY--UNIFORM TITLE
Uniform title उपरा.
650 ## - SUBJECT ADDED ENTRY--TOPICAL TERM
Topical term or geographic name as entry element चरित्रे-साहित्यिक.
730 ## - ADDED ENTRY--UNIFORM TITLE
Uniform title उपरा.
942 ## - ADDED ENTRY ELEMENTS (KOHA)
Koha item type Book
Holdings
Withdrawn status Lost status Damaged status Not for loan Home library Current library Shelving location Date acquired Cost, normal purchase price Total Checkouts Barcode Date last seen Price effective from Koha item type Public note
        Lo. Tilak Granthasangrahalaya, Wai Lo. Tilak Granthasangrahalaya, Wai     100.00   WAITILAKGS-36736 09/21/2010 09/21/2010 Book देवघेव